Harper's Bible dictionary / (Record no. 6818)

MARC details
000 -LEADER
fixed length control field 01054cam a2200301 a 4500
001 - CONTROL NUMBER
control field 2861541
003 - CONTROL NUMBER IDENTIFIER
control field GBCCL
005 - DATE AND TIME OF LATEST TRANSACTION
control field 20241126110612.0
008 - FIXED-LENGTH DATA ELEMENTS--GENERAL INFORMATION
fixed length control field 850627s1985 cauabf d 001 0 eng
010 ## -
-- 85042767
020 ## - INTERNATIONAL STANDARD BOOK NUMBER
International Standard Book Number 0060698632 (thumbindexes)
020 ## - INTERNATIONAL STANDARD BOOK NUMBER
International Standard Book Number 0060698624
040 ## - CATALOGING SOURCE
Original cataloging agency DLC
Transcribing agency DLC
Modifying agency OCoLC
-- DLC
050 00 -
-- BS440
-- .H237 1985
082 00 - DEWEY DECIMAL CLASSIFICATION NUMBER
Classification number 220.3
Edition information 19
Item number HAR
245 00 - TITLE STATEMENT
Title Harper's Bible dictionary /
Statement of responsibility, etc. general editor, Paul J. Achtemeier ; associate editors, Roger S. Boraas ... [et al.] with the Society of Biblical Literature.
250 ## - EDITION STATEMENT
Edition statement 1st ed.
260 ## - PUBLICATION, DISTRIBUTION, ETC.
Place of publication, distribution, etc. San Francisco :
Name of publisher, distributor, etc. Harper & Row,
Date of publication, distribution, etc. c1985.
300 ## - PHYSICAL DESCRIPTION
Extent xxii, 1178, [16] p., [8] p. of plates :
Other physical details ill. (some col.), col. maps ;
Dimensions 24 cm.
500 ## - GENERAL NOTE
General note Includes index.
630 00 - SUBJECT ADDED ENTRY--UNIFORM TITLE
Uniform title Bible
General subdivision Dictionaries.
9 (RLIN) 510
700 1# - ADDED ENTRY--PERSONAL NAME
Personal name Achtemeier, Paul J.
9 (RLIN) 4050
710 2# - ADDED ENTRY--CORPORATE NAME
Corporate name or jurisdiction name as entry element Harper & Row, Publishers.
9 (RLIN) 12223
710 2# - ADDED ENTRY--CORPORATE NAME
Corporate name or jurisdiction name as entry element Society of Biblical Literature.
9 (RLIN) 12221
740 0# -
-- Bible dictionary.
906 ## - LOCAL DATA ELEMENT F, LDF (RLIN)
a 7
b cbc
c orignew
d 1
e ocip
f 19
g y-gencatlg
942 ## - ADDED ENTRY ELEMENTS (KOHA)
Source of classification or shelving scheme Dewey Decimal Classification
Koha item type Reference Books
Holdings
Withdrawn status Lost status Source of classification or shelving scheme Damaged status Not for loan Home library Current Library Shelving location Date acquired Total checkouts Full call number Barcode Date last seen Copy number Price effective from Koha item type
    Dewey Decimal Classification     GRACE BIBLE COLLEGE GRACE BIBLE COLLEGE Dictionary 2018-06-29   220.3 HAR 006028 2025-05-01 c.1 2018-06-29 Reference Books
© Grace Bible College Library 2025